000
00272nam a22001217a 4500
082
_a
629.2832 SPO'R
245
_a
SPORTSMAN LIKE DRIVING
250
_a
7TH
260
_a
NEWYORK
_b
MCGRAW HILL
_c
1975
300
_a
308P
650
_a
AUTOMOBILE DRIVING
_9
20755
942
_c
BK
999
_c
580241
_d
580241